000 00609cam a2200229 4500
001 J3648
008 090401t1996 xxu||||| |||| 00| 0 eng d
035 _a(Sirsi) u56238
041 _aeng
050 _a711.552
110 _aHillier Parker Research
_92002
245 _aShopping centre vacancies. - March 1996
260 _aLondon
_bHillier Parker
_c1996
300 _a1 sheet ; 30cm.
350 _a0
650 _aSHOPPING CENTRE VACANCIES
650 _aSHOPPING CENTRES
650 _aVACANCY RATES
690 _aPROPERTY-COMMERCIAL PROPERTY-RETAIL PROPERTY
942 _n0
948 _c04/03/1997
999 _c93751
_d93751